000 00917nam a22002057a 4500
003 OSt
005 20161119104936.0
008 150408b2016 slv spa
040 _cBMC
082 _a070
100 1 _940349
_aChicas Figueroa, Karla Emperatriz
245 1 0 _aPasantía en Alcaldía Municipal de Turín, Ahuachapán
_b: Informe final
_cKarla Emperatriz Chicas Figueroa
260 _aSanta Ana (El Salvador)
_bUniversidad Católica de El Salvador
_c2016
300 _a1 folleto (30 h.)
_bil. col.
_c28 cm
_e+ 1 disco compacto
500 _aPrecede al tít.: Universidad Católica de El Salvador, Facultad de Ciencias y Humanidades
502 _aTrabajo de graduación para optar al grado académico de Licenciatura en Períodismo y Comunicación Audiovisual
650 2 4 _9882
_aPeriodismo
710 2 _91075
_aUniversidad Católica de El Salvador
_bFacultad de Ciencias y Humanidades
942 _2ddc
_cTG
999 _c26508
_d26508